000
00206nam a2200109Ia 4500
100
_a
#N/A
942
_c
BK
654
_a
sun java
245
_a
Sun Java Studio Creator
260
_b
#N/A
546
_a
ENGLISH
999
_c
23816
_d
23816